<?xml version="1.0" encoding="UTF-8"?><?xml-stylesheet type="text/xsl" href="static/style.xsl"?><OAI-PMH xmlns="http://www.openarchives.org/OAI/2.0/" xmlns:xsi="http://www.w3.org/2001/XMLSchema-instance" xsi:schemaLocation="http://www.openarchives.org/OAI/2.0/ http://www.openarchives.org/OAI/2.0/OAI-PMH.xsd"><responseDate>2026-04-17T14:09:11Z</responseDate><request verb="GetRecord" identifier="oai:www.recercat.cat:2445/32567" metadataPrefix="marc">https://recercat.cat/oai/request</request><GetRecord><record><header><identifier>oai:recercat.cat:2445/32567</identifier><datestamp>2025-12-05T15:57:01Z</datestamp><setSpec>com_2072_1057</setSpec><setSpec>col_2072_478860</setSpec><setSpec>col_2072_478917</setSpec></header><metadata><record xmlns="http://www.loc.gov/MARC21/slim" xmlns:dcterms="http://purl.org/dc/terms/" xmlns:xsi="http://www.w3.org/2001/XMLSchema-instance" xmlns:doc="http://www.lyncode.com/xoai" xsi:schemaLocation="http://www.loc.gov/MARC21/slim http://www.loc.gov/standards/marcxml/schema/MARC21slim.xsd">
   <leader>00925njm 22002777a 4500</leader>
   <datafield ind2=" " ind1=" " tag="042">
      <subfield code="a">dc</subfield>
   </datafield>
   <datafield ind2=" " ind1=" " tag="720">
      <subfield code="a">Isla Pera, Ma. Pilar (María Pilar)</subfield>
      <subfield code="e">author</subfield>
   </datafield>
   <datafield ind2=" " ind1=" " tag="260">
      <subfield code="c">2012-11-07T11:43:55Z</subfield>
   </datafield>
   <datafield ind2=" " ind1=" " tag="260">
      <subfield code="c">2012-11-07T11:43:55Z</subfield>
   </datafield>
   <datafield ind2=" " ind1=" " tag="260">
      <subfield code="c">2000</subfield>
   </datafield>
   <datafield ind2=" " ind1=" " tag="260">
      <subfield code="c">2012-11-07T11:43:55Z</subfield>
   </datafield>
   <datafield ind2=" " ind1=" " tag="520">
      <subfield code="a">En los últimos 50 años se han producido importantes cambios en el patrón epidemiológico. El aumento de la esperanza de vida y el descenso de la natalidad han originado un envejecimiento de la población y una mayor prevalencia de enfermedades crónicas. Aunque el envejecimiento es un fenómeno universal, en España, se está produciendo a una velocidad mayor que en otros países. Se espera que la población mayor de 80 años aumente su tamaño en un 66% entre 1986 y 2010. La mayor parte de los cuidados que necesitan las personas con enfermedades crónicas o invalidez, se dispensan en el núcleo familiar y aunque desde la década de los 80 se observa una mayor preocupación por los cuidadores informales no existe un sistema de apoyo institucional eficaz. A través de una revisión bibliográfica de los últimos 5 años, se analiza la situación actual en nuestro país y se reflexiona sobre el futuro de estos cuidados, debido a los cambios profundos que se están produciendo en las formas de vida de la familia. También se hace hincapié en las repercusiones físicas, psicológicas y sociales que tiene el hecho de cuidar para el cuidador principal y sobre el proceso de atención a la familia que deberían desarrollar los profesionales, especialmente la enfermera.</subfield>
   </datafield>
   <datafield tag="653" ind2=" " ind1=" ">
      <subfield code="a">Cuidadors</subfield>
   </datafield>
   <datafield tag="653" ind2=" " ind1=" ">
      <subfield code="a">Atenció domiciliària</subfield>
   </datafield>
   <datafield tag="653" ind2=" " ind1=" ">
      <subfield code="a">Aspectes psicològics</subfield>
   </datafield>
   <datafield tag="653" ind2=" " ind1=" ">
      <subfield code="a">Caregivers</subfield>
   </datafield>
   <datafield tag="653" ind2=" " ind1=" ">
      <subfield code="a">Home care services</subfield>
   </datafield>
   <datafield tag="653" ind2=" " ind1=" ">
      <subfield code="a">Psychological aspects</subfield>
   </datafield>
   <datafield ind2="0" ind1="0" tag="245">
      <subfield code="a">El cuidador familiar. Una revisión sobre la necesidad del cuidado doméstico y sus repercusiones en la família</subfield>
   </datafield>
</record></metadata></record></GetRecord></OAI-PMH>